000 00302nam a22001337a 4500
008 170522b xxu||||| |||| 00| 0 eng d
020 _a9780073406930
041 _aeng
080 _24TH
_a94(100)
100 _a16
101 _aSHH
245 _aTRADITIONS&ENCOUNTERS
_cBENTLEY,J.H
942 _2udc
_cBK
999 _c13822
_d13822